000 00821nam a2200253 a 4500
005 20250411063846.0
008 160429s2007 ag r 000 0 spa d
020 _a9505634803 (10 dígitos)
020 _a9789505634804 (13 dígitos)
035 _aUPN01000209970
049 _aCG
050 4 _aPQ7797 S2.14
_bI5.3
100 1 _aSábato, Ernesto,
_d1911-2011
_928029
245 1 0 _aInforme sobre ciegos :
_by otras historias /
_cErnesto Sabato ; il. Alberto Breccia.
260 _aBuenos Aires :
_bColihue,
_c2007.
300 _a128 p. :
_bil.
440 0 _aNarrativa dibujada
440 0 _aAventurador
650 4 _aLITERATURA ARGENTINA
_95070
650 2 _aLiteratura latinoamericana
_91090
650 4 _aCUENTOS LATINOAMERICANOS
_912678
650 7 _aTiras cómicas, historietas, etc.
_2
_95861
905 _aLibro
999 _c182071
_d182071